<?xml version="1.0" encoding="UTF-8"?>
<record
    xmlns:xsi="http://www.w3.org/2001/XMLSchema-instance"
    xsi:schemaLocation="http://www.loc.gov/MARC21/slim http://www.loc.gov/standards/marcxml/schema/MARC21slim.xsd"
    xmlns="http://www.loc.gov/MARC21/slim">

  <leader>01079nam a22002297a 4500</leader>
  <datafield tag="999" ind1=" " ind2=" ">
    <subfield code="c">28966</subfield>
    <subfield code="d">28966</subfield>
  </datafield>
  <controlfield tag="003">OSt</controlfield>
  <controlfield tag="005">20260511115614.0</controlfield>
  <controlfield tag="008">260511b           ||||| |||| 00| 0 eng d</controlfield>
  <datafield tag="020" ind1=" " ind2=" ">
    <subfield code="a">9789995663605</subfield>
  </datafield>
  <datafield tag="040" ind1=" " ind2=" ">
    <subfield code="a">BSHUA</subfield>
    <subfield code="b">Shqip</subfield>
  </datafield>
  <datafield tag="050" ind1=" " ind2=" ">
    <subfield code="b">391(496.528)/Llub.</subfield>
  </datafield>
  <datafield tag="082" ind1=" " ind2=" ">
    <subfield code="b">391(496.528)/Llub.</subfield>
  </datafield>
  <datafield tag="100" ind1=" " ind2=" ">
    <subfield code="a">Llubani, Mehmet</subfield>
  </datafield>
  <datafield tag="245" ind1=" " ind2=" ">
    <subfield code="a">Kruja - Veshjet Popullore = Kruja - Folk Costumes = Kruja - I Costumi Popolari</subfield>
  </datafield>
  <datafield tag="260" ind1=" " ind2=" ">
    <subfield code="a">Tirane:</subfield>
    <subfield code="b">FLESH, </subfield>
    <subfield code="c">2007.</subfield>
  </datafield>
  <datafield tag="300" ind1=" " ind2=" ">
    <subfield code="a">102 f.; me foto</subfield>
    <subfield code="c">23.5 cm.</subfield>
  </datafield>
  <datafield tag="500" ind1=" " ind2=" ">
    <subfield code="a">Konsulent, piktor - etnograf : Matish Staka
Arkiva e fotove : Matish Staka, Mehmet Llubani
Bashkepunuan per fotot : Edmond Hoxha, Agron Goci
Formulimi grafik : Flamur Hudhri, Kleant Halili
Perkthimi i tekstit anglisht : Gazmend Goci, Qamile Citozi
Perkthimi i tekstit italisht : Arben Hajri
Koordinatore : Adelina Hoxha
Redaktor : Hamdi Meca </subfield>
  </datafield>
  <datafield tag="653" ind1=" " ind2=" ">
    <subfield code="a">Kostumet popullore - Veshjet popullore - Veshjet tradicionale - Veshjet e burrit - Veshjet e gruas - Kostumet e Krujes - </subfield>
    <subfield code="a">Mehmet Llubani </subfield>
  </datafield>
  <datafield tag="856" ind1=" " ind2=" ">
    <subfield code="y">Fulltext</subfield>
  </datafield>
  <datafield tag="942" ind1=" " ind2=" ">
    <subfield code="2">udc</subfield>
    <subfield code="c">BK</subfield>
  </datafield>
  <datafield tag="953" ind1=" " ind2=" ">
    <subfield code="a">0</subfield>
  </datafield>
  <datafield tag="952" ind1=" " ind2=" ">
    <subfield code="0">0</subfield>
    <subfield code="1">0</subfield>
    <subfield code="2">udc</subfield>
    <subfield code="4">0</subfield>
    <subfield code="7">0</subfield>
    <subfield code="a">UArtLibrar</subfield>
    <subfield code="b">UArtLibrar</subfield>
    <subfield code="d">2026-05-11</subfield>
    <subfield code="g">1000.00</subfield>
    <subfield code="o">391(496.528)/Llub.</subfield>
    <subfield code="p">68711</subfield>
    <subfield code="r">2026-05-11</subfield>
    <subfield code="w">2026-05-11</subfield>
    <subfield code="y">BK</subfield>
  </datafield>
</record>
